[Event "Nancy Rapid op 22nd"]
[Site "Meurthe et Moselle"]
[Date "2024.02.18"]
[Round "4"]
[White "Devallee, Jeremie"]
[Black "Fedorchuk, Sergey A"]
[Result "0-1"]
[WhiteElo "2221"]
[BlackElo "2544"]
[PlyCount "50"]
[EventDate "2024.02.18"]
[EventType "swiss (rapid)"]
[EventRounds "9"]
[EventCountry "FRA"]
[SourceTitle "CB08_2024"]
[SourceDate "2024.02.21"]
[SourceVersion "1"]
[SourceVersionDate "2024.02.21"]
[SourceQuality "1"]

1. e4 c5 2. Nf3 Nc6 3. d4 cxd4 4. c3 dxc3 5. Nxc3 e6 6. Bc4 a6 7. 0-0 b5 8. Bb3 Na5 9. Re1 Nxb3 10. Qxb3 Be7 11. Bf4 Nf6 12. e5 Nh5 13. Be3 Bb7 14. Nd2 f5 15. Qd1 g6 16. f4 0-0 17. Nb3 Rc8 18. Qd2 Rf7 19. Red1 Bf8 20. Qf2 g5 21. Bb6 Qe7 22. Bc5 Rxc5 23. Nxc5 Qxc5 24. fxg5 Qxe5 25. Re1 Qc7 0-1

[Event "EU-ch Rapid"]
[Site "Zagreb"]
[Date "2023.12.14"]
[Round "5"]
[White "Sarana, Alexey"]
[Black "Fedorchuk, Sergey A"]
[Result "1-0"]
[WhiteElo "2688"]
[BlackElo "2546"]
[PlyCount "73"]
[EventDate "2023.12.14"]
[EventType "swiss (rapid)"]
[EventRounds "11"]
[EventCountry "CRO"]
[SourceTitle "CB51_2023"]
[SourceDate "2023.12.20"]
[SourceVersion "1"]
[SourceVersionDate "2023.12.20"]
[SourceQuality "1"]

1. d4 Nf6 2. c4 e6 3. Nc3 Bb4 4. e3 0-0 5. Bd3 c5 6. Nge2 d5 7. a3 cxd4 8. axb4 dxc3 9. Nxc3 dxc4 10. Bxc4 Qxd1+ 11. Kxd1 b6 12. f3 Nc6 13. b5 Ne5 14. Be2 Rd8+ 15. Kc2 Nd5 16. e4 Nb4+ 17. Kb3 Nbd3 18. Be3 Nc5+ 19. Bxc5 bxc5 20. Na4 Nd7 21. Rhc1 Kf8 22. Nxc5 Ke7 23. Ra5 Nxc5+ 24. Rxc5 Rd7 25. Bc4 Rb7 26. Kc3 Bd7 27. b4 Rab8 28. h4 Be8 29. f4 f6 30. Ra6 Bd7 31. g3 h6 32. g4 Rf8 33. f5 exf5 34. gxf5 Rfb8 35. Bd5 Rxb5 36. Rxa7 Kd6 37. Rxd7+ 1-0

[Event "POL-chT Ekstraliga"]
[Site "Lublin"]
[Date "2023.09.19"]
[Round "2.3"]
[White "Dardha, Daniel"]
[Black "Fedorchuk, Sergey A"]
[Result "1-0"]
[WhiteElo "2586"]
[BlackElo "2578"]
[PlyCount "79"]
[EventDate "2023.09.18"]
[EventType "team-tourn"]
[EventRounds "9"]
[EventCountry "POL"]
[SourceTitle "EXT 2024"]
[Source "ChessBase"]
[SourceDate "2023.10.10"]
[SourceVersion "1"]
[SourceVersionDate "2023.10.10"]
[SourceQuality "1"]
[WhiteTeam "Plock Hetman"]
[BlackTeam "Raciborz Silesia"]
[WhiteTeamCountry "POL"]
[BlackTeamCountry "POL"]

1. Nf3 Nf6 2. c4 b6 3. d4 e6 4. g3 Bb7 5. Bg2 Bb4+ 6. Bd2 Be7 7. 0-0 c6 8. b4 0-0 9. Qb3 d5 10. Nc3 Nbd7 11. Rab1 Ba6 12. b5 cxb5 13. cxd5 b4 14. dxe6 bxc3 15. Bxc3 Bxe2 16. Rfe1 Bxf3 17. Bxf3 Rc8 18. exd7 Qxd7 19. d5 Qf5 20. Rxe7 Rxc3 21. Qxc3 Qxb1+ 22. Kg2 Qxa2 23. Qe5 Qa3 24. g4 h6 25. h4 Qd3 26. g5 hxg5 27. hxg5 Qg6 28. d6 Nh7 29. Be4 Qxg5+ 30. Qxg5 Nxg5 31. d7 Ne6 32. Re8 g6 33. Bd5 Nd8 34. Kf3 Kg7 35. Ke4 f6 36. Ba2 g5 37. Kd5 g4 38. Kd6 f5 39. Kc7 f4 40. Rxf8 1-0

[Event "Rubinstein Memorial 59th"]
[Site "Polanica Zdroj"]
[Date "2023.08.20"]
[Round "2"]
[White "Fedorchuk, Sergey A"]
[Black "Bernadskiy, Vitaliy"]
[Result "1/2-1/2"]
[WhiteElo "2586"]
[BlackElo "2530"]
[PlyCount "64"]
[EventDate "2023.08.19"]
[EventType "tourn"]
[EventRounds "9"]
[EventCountry "POL"]
[EventCategory "11"]
[SourceTitle "CBM 215 Extra"]
[Source "ChessBase"]
[SourceDate "2023.09.30"]
[SourceVersion "1"]
[SourceVersionDate "2023.09.30"]
[SourceQuality "1"]

1. e4 e5 2. Nf3 Nc6 3. Bb5 Nf6 4. 0-0 Nxe4 5. Re1 Nd6 6. Nxe5 Be7 7. Bf1 Nxe5 8. Rxe5 0-0 9. d4 Bf6 10. Re1 Re8 11. Bf4 Rxe1 12. Qxe1 Ne8 13. c3 d5 14. Bd3 g6 15. Nd2 Ng7 16. Nf3 c6 17. Be5 Bf5 18. Bxf5 Nxf5 19. Bxf6 Qxf6 20. Qe5 Qxe5 21. Nxe5 Re8 22. Kf1 f6 23. Nd3 Kf7 24. Re1 Nd6 25. Rxe8 Kxe8 26. Ke2 Ke7 27. g3 Nc4 28. f3 b6 29. b3 Nd6 30. Nb4 Kd7 31. Nd3 Nb5 32. Kd2 Nd6 1/2-1/2

[Event "Bastia op"]
[Site "Bastia"]
[Date "2023.07.10"]
[Round "9"]
[White "Fedorchuk, Sergey A"]
[Black "Bulmaga, Irina"]
[Result "1-0"]
[WhiteElo "2589"]
[BlackElo "2416"]
[PlyCount "157"]
[EventDate "2023.07.09"]
[EventType "swiss"]
[EventRounds "9"]
[EventCountry "FRA"]
[SourceTitle "CBM 215 Extra"]
[Source "ChessBase"]
[SourceDate "2023.09.30"]
[SourceVersion "1"]
[SourceVersionDate "2023.09.30"]
[SourceQuality "1"]

1. e4 e5 2. Nf3 Nc6 3. Bb5 g6 4. 0-0 Bg7 5. c3 a6 6. Ba4 d6 7. Re1 b5 8. Bb3 Nf6 9. d4 0-0 10. Nbd2 Re8 11. h3 exd4 12. cxd4 Na5 13. Bc2 c5 14. Nf1 Bb7 15. d5 Nd7 16. Rb1 Nc4 17. b3 Nce5 18. N3h2 c4 19. bxc4 Nxc4 20. a4 Qa5 21. Ne3 Nde5 22. Nhg4 Nxe3 23. Nxe3 Rac8 24. Bd2 Qb6 25. Kh1 Qc5 26. Bb4 Qc7 27. axb5 axb5 28. Re2 Nc4 29. Bd3 Nxe3 30. Rxe3 Ba6 31. Re2 Qb6 32. Ra2 Bc3 33. Qb3 Bxb4 34. Qxb4 Rb8 35. Kg1 h5 36. Ra5 Kg7 37. Rba1 Ra8 38. Bxb5 Reb8 39. Qc3+ Kg8 40. Bxa6 Ra7 41. Bf1 Rc7 42. Qf6 Qb4 43. Ra8 Rcc8 44. R1a7 Rf8 45. Rxb8 Qxb8 46. Rd7 Qe8 47. Qe7 Qxe7 48. Rxe7 Kg7 49. Rd7 Re8 50. f3 Kf6 51. Rxd6+ Ke5 52. Rd7 f6 53. h4 f5 54. exf5 gxf5 55. Kf2 Ra8 56. Rh7 Ra2+ 57. Be2 Kxd5 58. Rxh5 Ke6 59. f4 Kf6 60. Rg5 Ra4 61. Ke3 Re4+ 62. Kf3 Ra4 63. Bd3 Ra3 64. Ke3 Rb3 65. Rxf5+ Kg7 66. Rg5+ Kh8 67. Rd5 Rb2 68. g4 Rg2 69. Be2 Rg3+ 70. Bf3 Rg1 71. h5 Re1+ 72. Be2 Ra1 73. h6 Ra3+ 74. Bd3 Ra8 75. g5 Re8+ 76. Re5 Rg8 77. g6 Rd8 78. Re7 Kg8 79. h7+ 1-0